00541nam a2200181Ia 4500008004100000010001400041040002600055041002600081082001700107100001700124245002300141260002100164300002200185600000900207942000900216999001900225952011500244090201s9999 xx 000 0 und d aKPL-28347 bइंग्रजी aइंग्रजी a29649b28347 a joico book anarac joico book c2004bjaico pub. a178bमोठा anara cBOOK c228246d228246 00104070aKALYANPLbKALYANPLd0000-00-00g8.00l0pKPL-28347r2009-02-01 00:00:00t1v8.00w2009-02-01yBOOK